• 首页
  • 本馆介绍
  • 公告通知
  • 最新文献
  • 馆藏检索
  • 电子资源
  • 读者导购
  • 参考咨询
  • 我的图书馆
  • 登录
  • 详细信息显示
  • 放入我的书架
  • 预约/预借图书
  • 作者相关作品
  • 分类相关作品
  • 丛书相关作品
  • 出版社相关作品

书目信息

  • 表格格式
  • 工作单格式
  • 卡片格式
题名:
室内装修材料与施工工艺
    
 
作者: 张琪 编著
分册:  
出版信息: 北京   化学工业出版社  2017.4
页数: 146页
开本: 29cm
丛书名: 室内设计新视点·新思维·新方法丛书
单 册:
中图分类: TU56
科图分类:
主题词: 室内装饰--建筑材料--装饰材料 , 室内装饰--工程施工 , 室内装饰 , 建筑材料 , 装饰材料
电子资源:
ISBN: 978-7-122-21335-8
000 01160oam2 2200313 450
001 0400002933
005 20171021161119.0
010    @a978-7-122-21335-8@dCNY58.00
100    @a20171021d2017 em y0chiy ea
101 0  @achi
102    @aCN@b110000
105    @aa z 000yy
106    @ar
200 1  @a室内装修材料与施工工艺@9shi nei zhuang xiu cai liao yu shi gong gong yi@dInterior decoration materials and construction technology@f张琪编著@zeng
210    @a北京@c化学工业出版社@d2017.4
215    @a146页@c图@d29cm
225 1  @a室内设计新视点·新思维·新方法丛书@f朱淳主编
330    @a本书包括室内装修材料与施工工艺概述、石材装饰材料、竹木装饰材料、陶瓷装饰材料、玻璃装饰材料、金属装饰材料、石膏装饰材料、涂料及基层材料等内容。
461  0 @12001 @a室内设计新视点·新思维·新方法丛书
510 1  @aInterior decoration materials and construction technology@zeng
606 0  @a室内装饰@x建筑材料@x装饰材料
606 0  @a室内装饰@x工程施工
606 0  @a室内装饰
606 0  @a建筑材料
606 0  @a装饰材料
690    @aTU56@v5
701  0 @a张琪@9zhang qi@4编著
801  0 @aCN@b91MARC@c20171021
905    @b1035271-5@dTU56@f5@e1226
    
    室内装修材料与施工工艺=Interior decoration materials and construction technology/张琪编著.-北京:化学工业出版社,2017.4
    146页:图;29cm.-(室内设计新视点·新思维·新方法丛书/朱淳主编)
    
    
    ISBN 978-7-122-21335-8:CNY58.00
    本书包括室内装修材料与施工工艺概述、石材装饰材料、竹木装饰材料、陶瓷装饰材料、玻璃装饰材料、金属装饰材料、石膏装饰材料、涂料及基层材料等内容。
●
相关链接 在E读中查询图书 在五车中查询图书 在当当中查询图书 在豆瓣中查询图书


正题名:室内装修材料与施工工艺     索取号:TU56/1226         预约/预借

序号 登录号 条形码 馆藏地/架位号 状态 备注
1 1035271   210352713   第二样本阅览室/ [索取号:TU56/1226] 在馆    
2 1035272   210352722   密集书库-生命科学系/ [索取号:TU56/1226] 在馆    
3 1035273   210352731   第三借阅区/ [索取号:TU56/1226] 在馆    
4 1035274   210352740   第三借阅区/ [索取号:TU56/1226] 在馆    
5 1035275   210352759   第三借阅区/ [索取号:TU56/1226] 在馆    
唐山师范学院图书馆 欢迎您!
大连网信软件有限公司© 版权所有